000 00572nam a2200193Ia 4500
003 GCL
008 140319s9999 xx 000 0 ara d
040 _aGCL /
_cGCL
082 0 4 _aد
_b050
_bاا
100 1 _aجمعية ابولو
245 1 0 _aابولو : مجلة فنية لخدمة الشعر الحى + كشاف مجلة ابولو /
_cجمعية ابولو
260 _a[S.N] :
_bجمعية ابولو
300 _a80
490 _aسلسلة هوايات
_v0
650 0 4 _aالادب
650 0 4 _aالشعر
650 0 4 _aالفنون
942 _2ddc
_cCF
999 _c27067
_d27067